| 000 | 01576cam a2200301 a 4500 | ||
|---|---|---|---|
| 003 | OSt | ||
| 005 | 20200930135257.0 | ||
| 008 | 030811t 2003ck r 000 0 spa d | ||
| 020 | _a9583600962 | ||
| 040 |
_aCO-BoPUJ _cCO-JMCR |
||
| 041 | 0 | _aspa | |
| 082 | 0 | 4 |
_a322.509861 / _bS471r _223 |
| 111 | 2 |
_aSeminario las relaciones cívico-militares en tiempos de conflicto armado _d(2002 sep. 20-22 : _cCartagena) _911027 |
|
| 245 | 1 | 4 |
_aLas relaciones cívico-militares : _ben tiempos de conflicto armado : memorias _cMartha Lucía Ramírez de Rincón...[et. al] ; edición a cargo de Fernando Cepeda Ulloa [y otros 22] |
| 250 | _aPrimera edición | ||
| 260 |
_aBogotá : _bEmbajada de los Estados Unidos de América, _cc2003. |
||
| 300 |
_a449 páginas ; _c23 cm. |
||
| 490 | 0 | _aSerie Proyecto Houston | |
| 504 | _aIncluye referencias bibliográficas: páginas 431-447, e índice. | ||
| 505 | 0 | _aPonencias y debates. -- Ponencias y debates. -- Clausura. | |
| 520 | 0 | _aEl seminario "Las relaciones cívico-militares en tiempo de conflicto" se realizó en la ciudad de Cartagena del 20 al 22 de septiembre de 2020, dentro del marco de la serie de seminarios del proyecto Houston iniciado en febrero de 1998 por la embajada de Estados Unidos" | |
| 650 | 2 | 4 |
_aConflicto armado _zColombia _vCongresos _911028 |
| 650 | 2 | 4 |
_aSolución de conflictos _zColombia _vCongresos _911029 |
| 650 | 2 | 4 |
_aSeguridad nacional _xCongresos _zColombia _911030 |
| 700 | 1 |
_aRamírez de Rincón, Martha Lucía _ecoautora _911031 |
|
| 700 | 1 |
_aCepeda Ulloa, Fernando _eeditor _97327 |
|
| 942 |
_2ddc _cBK |
||
| 999 |
_c6892 _d6892 |
||